Gobineau / (Record no. 58373)

MARC details
000 -LEADER
campo de control de longitud fija 00577nam a2200205 i 4500
001 - NÚMERO DE CONTROL
campo de control 58373
003 - IDENTIFICADOR DE NÚMERO DE CONTROL
campo de control ES-MaACL
005 - FECHA Y HORA DE LA ÚLTIMA TRANSACCIÓN
campo de control 20230906163807.0
007 - CAMPO FIJO DE DESCRIPCIÓN FÍSICA--INFORMACIÓN GENERAL
campo de control de longitud fija t|
008 - DATOS DE LONGITUD FIJA--INFORMACIÓN GENERAL
campo de control de longitud fija 031022s1907 fr ||||1| fre d
100 1# - ENTRADA PRINCIPAL--NOMBRE DE PERSONA
Nombre de persona Dufréchou, Alfred.
9 (RLIN) 45914
245 10 - MENCIÓN DEL TÍTULO
Título Gobineau /
Mención de responsabilidad, etc. par Alfred Dufréchou.
260 ## - PUBLICACIÓN, DISTRIBUCIÓN, ETC.
Lugar de publicación, distribución, etc. Paris :
Nombre del editor, distribuidor, etc. Bloud,
Fecha de publicación, distribución, etc. 1907 (
Fabricante F. Blétit)
300 ## - DESCRIPCIÓN FÍSICA
Extensión 64 p. ;
Dimensiones 18 cm.
490 1# - MENCIÓN DE SERIE
Mención de serie Philosophes et penseurs
600 14 - PUNTO DE ACCESO ADICIONAL DE MATERIA--NOMBRE DE PERSONA
Nombre de persona Gobineau, Arthur
Títulos y otros términos asociados al nombre comte de.
9 (RLIN) 147893
830 0# - PUNTO DE ACCESO ADICIONAL DE SERIE-TÍTULO UNIFORME
Título uniforme Philosophes et penseurs
9 (RLIN) 182642
852 ## - LOCALIZACIÓN
Ubicación ES-MaACL
Número de control de estantería F-9309
Holdings
Estatus retirado Estado de pérdida Estado de daño No para préstamo Biblioteca de origen Biblioteca actual Ubicación en estantería Fecha de adquisición Fuente de adquisición Total de préstamos Signatura topográfica completa Código de barras Visto por última vez Precio de reemplazo Tipo de ítem Koha
        Biblioteca del Ateneo de Madrid Biblioteca del Ateneo de Madrid Sala Pecera Planta 2 17/01/2008     F-9309 1061251 23/02/2023 23/02/2023 Libro impreso